Commercial risk or a matter of trust (Record no. 34392)
[ view plain ]
| 000 -LEADER | |
|---|---|
| fixed length control field | 01410cab a2200265 4500 |
| 001 - CONTROL NUMBER | |
| control field | ABS46021 |
| 008 - FIXED-LENGTH DATA ELEMENTS--GENERAL INFORMATION | |
| fixed length control field | 090401t1992 xxu||||| |||| 00| 0 eng d |
| 035 ## - SYSTEM CONTROL NUMBER | |
| System control number | (Sirsi) u56396 |
| 041 ## - LANGUAGE CODE | |
| Language code of text/sound track or separate title | eng |
| 100 ## - MAIN ENTRY--PERSONAL NAME | |
| Personal name | McGoldrick, T. |
| 245 ## - TITLE STATEMENT | |
| Title | Commercial risk or a matter of trust |
| 260 ## - PUBLICATION, DISTRIBUTION, ETC. | |
| Date of publication, distribution, etc. | 1992 |
| 350 ## - PRICE (NR) (BK AM CF MU VM SE) [OBSOLETE] | |
| Price | 0 |
| 490 ## - SERIES STATEMENT | |
| Series statement | Cost Engineer |
| Volume/sequential designation | 30(2) 1992, 13-15(2) |
| 520 ## - SUMMARY, ETC. | |
| Summary, etc. | Highlights cases where contractors have had to provide bonds as Surety for the completion of their obligations under the contract. Begins by identifying those bonds more commonly used, including tender bonds, advance payment bonds, performance bonds and retention bonds, before looking at the cases in more detail. Fairclough Building Ltd v Cigna Insurance Company of Europe SA; R D Harbottle (Mercantile) Ltd v National Westminster Bank Ltd; I E Contractors Ltd (formerly GKN Contractors Limited) v Lloyds Bank plc and Rafidian Bank; The Wardens and Commonality of the Mystery of Mercers of the city of London v New Hampshire Insurance Company; Costain International Ltd v Davy McKee (London) Ltd and the Standard Chartered Bank, discussed. |
| 650 ## - SUBJECT ADDED ENTRY--TOPICAL TERM | |
| Topical term or geographic name entry element | BUILT ENVIRONMENT-BUILDING CONTRACT FORMS |
| 650 ## - SUBJECT ADDED ENTRY--TOPICAL TERM | |
| Topical term or geographic name entry element | CONDITIONAL BONDS |
| 650 ## - SUBJECT ADDED ENTRY--TOPICAL TERM | |
| Topical term or geographic name entry element | DEFAULT BONDS |
| 650 ## - SUBJECT ADDED ENTRY--TOPICAL TERM | |
| Topical term or geographic name entry element | ON-DEMAND BONDS |
| 650 ## - SUBJECT ADDED ENTRY--TOPICAL TERM | |
| Topical term or geographic name entry element | VARIATIONS |
| 650 ## - SUBJECT ADDED ENTRY--TOPICAL TERM | |
| Topical term or geographic name entry element | ZIMCOR INTERNATIONAL |
| 690 ## - LOCAL SUBJECT ADDED ENTRY--TOPICAL TERM (OCLC, RLIN) | |
| Topical term or geographic name as entry element | BUILT ENVIRONMENT |
| 942 ## - ADDED ENTRY ELEMENTS (KOHA) | |
| Suppress in OPAC | 0 |
| 948 ## - LOCAL PROCESSING INFORMATION (OCLC); SERIES PART DESIGNATOR (RLIN) | |
| c (OCLC) | 04/03/1997 |
| Withdrawn status | Lost status | Source of classification or shelving scheme | Damaged status | Not for loan | Home library | Current library | Shelving location | Date acquired | Total Checkouts | Full call number | Barcode | Date last seen | Copy number | Price effective from | Koha item type |
|---|---|---|---|---|---|---|---|---|---|---|---|---|---|---|---|
| Dewey Decimal Classification | London | London | Journal article | 14/09/1999 | ABS46021 | 56396-1001 | 06/08/2019 | 1 | 06/08/2019 | Journal article |